| Tag |
First Indicator |
Second Indicator |
Subfields |
| LEADER |
00000cam a2200000 i 4500 |
| 001 |
in00000565203 |
| 005 |
20211008101141.0 |
| 008 |
800701s1979 gw b 00010 germ |
| 010 |
|
|
|a 80484228
|
| 015 |
|
|
|a GFR80-A4
|
| 020 |
|
|
|a 3820465448 :
|c 53.00F
|
| 035 |
|
|
|a (OCoLC)06557494
|
| 035 |
|
|
|9 ACN1652AM
|
| 040 |
|
|
|a DLC
|c DLC
|d m.c.
|d TXA
|d UtOrBLW
|
| 049 |
|
|
|a TXAM
|c [A08457931]
|
| 050 |
0 |
0 |
|a PT2378.A63
|b W4 1979
|
| 082 |
0 |
|
|a 832/.6
|2 19
|
| 100 |
1 |
|
|a Wegener, Karl-Heinz,
|d 1948-
|
| 245 |
1 |
0 |
|a Amphitryon im Spiegel der Kleistliteratur /
|c Karl-Heinz Wegener.
|
| 264 |
|
1 |
|a Frankfurt am Main :
|b P. Lang,
|c [1979]
|
| 264 |
|
4 |
|c ©1979
|
| 300 |
|
|
|a 305 pages ;
|c 21 cm.
|
| 336 |
|
|
|a text
|b txt
|2 rdacontent
|
| 337 |
|
|
|a unmediated
|b n
|2 rdamedia
|
| 338 |
|
|
|a volume
|b nc
|2 rdacarrier
|
| 490 |
1 |
|
|a Europaische Hochschulschriften. Reihe I, Deutsche Literatur und Germanistik ;
|v Bd. 302
|
| 500 |
|
|
|a Originally presented as the author's thesis, Cologne, 1978.
|
| 504 |
|
|
|a Bibliography: pages 299-305.
|
| 600 |
1 |
0 |
|a Kleist, Heinrich von,
|d 1777-1811.
|t Amphitryon.
|
| 600 |
0 |
0 |
|a Amphitryon
|c (Greek mythological character)
|v In literature.
|
| 830 |
|
0 |
|a Europäische Hochschulschriften.
|n Reihe I,
|p Deutsche Literatur und Germanistik ;
|v Bd. 302.
|
| 999 |
|
|
|a MARS
|
| 999 |
f |
f |
|s 9ddb4eb0-f08a-3c4b-af6a-29c8156f799b
|i d7f83ae5-b0f7-3b1d-b3ae-e64f42abea3c
|t 0
|
| 952 |
f |
f |
|p ric
|a Texas A&M University
|b Rellis Campus
|c Joint Library Facility
|d Remote Storage
|t 0
|e PT2378.A63 W4 1979
|h Library of Congress classification
|i unmediated -- volume
|m A14808457931
|
| 998 |
f |
f |
|a PT2378.A63 W4 1979
|t 0
|l Remote Storage
|